| 000 | 00676nam a2200193Ia 4500 | ||
|---|---|---|---|
| 003 | GCL | ||
| 008 | 140319s9999 xx 000 0 ara d | ||
| 040 |
_aGCL / _cGCL |
||
| 082 | 0 | 4 |
_a892 _bا ع |
| 100 | 1 | _aادوار الخراط | |
| 245 | 1 | 0 |
_aعصيان الحلم مختارات من الشعر الافرو اسيوى / _cادوار الخراط |
| 300 | _a186 ص | ||
| 490 |
_aمنشورات المجمع الثقافى _v0 |
||
| 650 | 0 | 4 | _aالشعر الافريقى |
| 650 | 0 | 4 | _aالشعر الاسيوى |
| 650 | 0 | 4 | _aالشعر الافريقى- دواوين وقصائد |
| 650 | 0 | 4 | _aالشعر الاسيوى - دواوين وقصائد |
| 942 |
_2ddc _cBK |
||
| 999 |
_c52327 _d52327 |
||